000 01018cam a2200205 4500
001 ABS67299
008 031203n2003 000 0 eng u
035 _a(Sirsi) u124559
245 _aGoing online - how to do it in the right way
260 _c2003
490 _aAntiques Trade Gazette
_v(1614) 15 November 2003, 37-38(2)
520 _aReview of six software packages suitable for managing collections of works of art. The article states that the packages are compatable with Objects ID protocols and are web-enabled so that they can be linked up with websites. Includes projects checklist for Objets d'Art Manager, Collectify My Stuff, EmbARK Collections Manager, Artsystems' Gallery Pro (for dealers), Artsystems' Collections (for indvidual collectors), Artbase and Gallery Express.
590 _aABS
650 _aSOFTWARE PACKAGES
650 _aFINE ART
650 _aWORKS OF ART
650 _aMANAGEMENT-BUSINESS MANAGEMENT-INFORMATION MANAGEMENT
690 _aArts and antiques
_96217
942 _n0
999 _c73921
_d73921